| 000 | 00869nac a22002651i 4500 | ||
|---|---|---|---|
| 003 | EG-ScBUE | ||
| 005 | 20230726142416.0 | ||
| 008 | 230726t1990 sz ab f 001 0 eng d | ||
| 020 | _a2831504953 | ||
| 040 |
_aEG-ScBUE _beng _erda _cEG-ScBUE _dEG-ScBUE |
||
| 082 | 0 | 4 |
_a914.104859 _bBRU _222 |
| 100 | 1 |
_aBrunner, Earleen, _eauthor. |
|
| 245 | 1 | 0 |
_aBerlitz blueprint Britain / _cby Earleen Brunner and the staff of Berlitz Guides. |
| 264 | 1 |
_aLausanne, Switzerland : _bBerlitz Publication, _c[1990] |
|
| 264 | 4 | _cc1990 | |
| 300 |
_a352 pages : _bcolor illustrations, maps ; _c23 cm |
||
| 336 |
_2rdacontent _atext _btxt |
||
| 337 |
_2rdamedia _aunmediated _bn |
||
| 338 |
_2rdacarrier _avolume _bnc |
||
| 500 | _aIncludes index. | ||
| 651 | 7 |
_aGreat Britain _xGuidebooks. _2BUEsh |
|
| 655 | _vReading book | ||
| 740 | 0 | _aBlueprint Britain. | |
| 942 |
_cBB _2ddc |
||
| 999 |
_c5883 _d5883 |
||